Library Banner

Winter's basic clinical pharmacokinetics / (Record no. 125079)

MARC details
000 -LEADER
fixed length control field 00594cam a2200205 i 4500
001 - CONTROL NUMBER
control field 19838273
005 - DATE AND TIME OF LATEST TRANSACTION
control field 20211223100936.0
008 - FIXED-LENGTH DATA ELEMENTS--GENERAL INFORMATION
fixed length control field 170725s2018 paua b 001 0 eng
020 ## - INTERNATIONAL STANDARD BOOK NUMBER
International Standard Book Number 9781496346421 (pbk.)
040 ## - CATALOGING SOURCE
Transcribing agency PK-LaUMT
082 00 - DEWEY DECIMAL CLASSIFICATION NUMBER
Classification number 615.7076
Edition number 23
Item number BER-W
100 1# - MAIN ENTRY--PERSONAL NAME
Personal name Beringer, Paul
245 10 - TITLE STATEMENT
Title Winter's basic clinical pharmacokinetics /
Statement of responsibility, etc by Paul M. Beringer
250 ## - EDITION STATEMENT
Edition statement 6th ed.
260 ## - PUBLICATION, DISTRIBUTION, ETC. (IMPRINT)
Place of publication, distribution, etc Philadelphia :
Name of publisher, distributor, etc Wolters Kluwer,
Date of publication, distribution, etc 2018
300 ## - PHYSICAL DESCRIPTION
Extent xiv, 530 p. :
Other physical details color illusgtrations ;
Dimensions 24 cm
650 #0 - SUBJECT ADDED ENTRY--TOPICAL TERM
Topical term or geographic name as entry element Pharmacokinetics.
650 #0 - SUBJECT ADDED ENTRY--TOPICAL TERM
Topical term or geographic name as entry element Pharmacokinetics
942 ## - ADDED ENTRY ELEMENTS (KOHA)
Koha item type Books
Holdings
Withdrawn status Lost status Damaged status Home library Current library Date acquired Full call number Barcode Date last seen Price effective from Koha item type Copy number
      UMT Health Sciences Campus UMT Health Sciences Campus 2021-12-23 615.7076 BER-W 140421 2021-12-23 2021-12-23 Books  
      UMT Health Sciences Campus UMT Health Sciences Campus 2021-12-23 615.7076 BER-W 140422 2021-12-23 2021-12-23 Books C.2
      UMT Health Sciences Campus UMT Health Sciences Campus 2021-12-23 615.7076 BER-W 140423 2021-12-23 2021-12-23 Books C.3
      UMT Health Sciences Campus UMT Health Sciences Campus 2021-12-23 615.7076 BER-W 140424 2021-12-23 2021-12-23 Books C.4
      UMT Health Sciences Campus UMT Health Sciences Campus 2021-12-23 615.7076 BER-W 140425 2021-12-23 2021-12-23 Books C.5